Контроль жидких сред с применением ультразвуковых нормальных волн

Bibliographic Details
Main Author: Чуприн В. А. Владимир Александрович
Summary:Во всех отраслях промышленности используется большое количество технологических жидкостей, качество которых характеризуется широкой номенклатурой параметров. Контроль многих из них весьма актуален, поскольку связан с обеспечением безопасной жизнедеятельности людей. Вязкость и плотность относятся к наиболее важным параметрам жидко­сти. Несмотря на наличие разнообразных методов измерения этих пара­метров, с точки зрения автоматизации, а также измерений в условиях высоких температур, агрессивности и/или токсичности объектов контро­ля наиболее эффективными являются ультразвуковые методы.В монографии подробно рассмотрены и обоснованы преимущества применения ультразвуковых нормальных волн, распространяющихся в тонких пластинах, для измерения вязкости и плотности жидкости, а также дано теоретическое описание взаимодействия нормальных волн с жидко­стями. Последовательно изложен весь круг вопросов, связанных с разра­боткой ультразвуковых вископлотномеров - приборов для одновременно­го измерения плотности и сдвиговой вязкости. Большое внимание уделе­но экспериментальной проверке теоретических выводов, а также общим вопросам построения и оптимизации акустического тракта вископлотно­меров.В книге приведены разработанные алгоритмы автоматических измере­ний плотности и вязкости жидкостей по измеренным значениям парамет­ров нормальных волн, распространяющихся в тонких пластинах, погру­женных в жидкость, а также аппаратурная реализация этих алгоритмов.Книга будет полезна для широкого круга читателей - инженерно-тех­нических и научных работников, преподавателей, аспирантов и студентов вузов.
Language:Russian
Published: Москва, Спектр, 2015
Subjects:
Format: Book
KOHA link:https://koha.lib.tpu.ru/cgi-bin/koha/opac-detail.pl?biblionumber=304115

MARC

LEADER 00000nam0a2200000 4500
001 304115
005 20231102001653.0
010 |a 9785444201015 
035 |a (RuTPU)RU\TPU\book\329350 
090 |a 304115 
100 |a 20150910d2015 k y0rusy50 ca 
101 0 |a rus 
102 |a RU 
105 |a a z 001zy 
200 1 |a Контроль жидких сред с применением ультразвуковых нормальных волн  |f В. А. Чуприн 
210 |a Москва  |c Спектр  |d 2015 
215 |a 218 с.  |c ил. 
320 |a Библиогр.: с. 208-217. 
330 |a Во всех отраслях промышленности используется большое количество технологических жидкостей, качество которых характеризуется широкой номенклатурой параметров. Контроль многих из них весьма актуален, поскольку связан с обеспечением безопасной жизнедеятельности людей. Вязкость и плотность относятся к наиболее важным параметрам жидко­сти. Несмотря на наличие разнообразных методов измерения этих пара­метров, с точки зрения автоматизации, а также измерений в условиях высоких температур, агрессивности и/или токсичности объектов контро­ля наиболее эффективными являются ультразвуковые методы.В монографии подробно рассмотрены и обоснованы преимущества применения ультразвуковых нормальных волн, распространяющихся в тонких пластинах, для измерения вязкости и плотности жидкости, а также дано теоретическое описание взаимодействия нормальных волн с жидко­стями. Последовательно изложен весь круг вопросов, связанных с разра­боткой ультразвуковых вископлотномеров - приборов для одновременно­го измерения плотности и сдвиговой вязкости. Большое внимание уделе­но экспериментальной проверке теоретических выводов, а также общим вопросам построения и оптимизации акустического тракта вископлотно­меров.В книге приведены разработанные алгоритмы автоматических измере­ний плотности и вязкости жидкостей по измеренным значениям парамет­ров нормальных волн, распространяющихся в тонких пластинах, погру­женных в жидкость, а также аппаратурная реализация этих алгоритмов.Книга будет полезна для широкого круга читателей - инженерно-тех­нических и научных работников, преподавателей, аспирантов и студентов вузов. 
606 1 |a Жидкости  |x Вязкость  |x Измерение  |2 stltpush  |3 (RuTPU)RU\TPU\subj\10869  |9 37881 
610 1 |a физика 
610 1 |a жидкие среды 
610 1 |a контроль 
610 1 |a ультразвуковые поля 
610 1 |a плотность 
610 1 |a вязкость 
610 1 |a ультразвуковые измерения 
610 1 |a поверхностные волны 
610 1 |a нормальные волны 
610 1 |a твердые тела 
610 1 |a акустический тракт 
610 1 |a ультразвуковые приборы 
610 1 |a пространственное распределение 
610 1 |a механическое напряжение 
610 1 |a тонкие пластины 
610 1 |a электронные блоки 
610 1 |a автоматические измерители 
610 1 |a ультразвуковые вископлотномеры 
610 1 |a высокие температуры 
675 |a 531.75  |v 4 
700 1 |a Чуприн  |b В. А.  |g Владимир Александрович 
801 1 |a RU  |b 63413507  |c 20150910 
801 2 |a RU  |b 63413507  |c 20151202  |g RCR 
942 |c BK 
959 |a 114/20150910  |d 3  |e 880,00  |f ЧЗТЛ:1  |f УФ:2